000 00583cam a22002053a 4500
001 37937
003 PGUSA
005 20140828083831.0
008 111106s2011||||xxu|||||s|||||000 | eng d
040 _aPGUSA
_beng
042 _adc
100 1 _aLucas, E. V.
_q(Edward Verrall),
_d1868-1938
245 1 2 _aA Wanderer in Paris
_h[electronic resource] /
_cE. V. Lucas
260 _bProject Gutenberg,
_c2011
506 _aPublic domain in the USA.
516 _aElectronic text
830 0 _aProject Gutenberg
_v37937
856 4 0 _uhttp://www.gutenberg.org/ebooks/37937
942 _cEB
999 _c267191
_d267191